01189cam a2200313 i 4500001001100000003000700011005001700018008004100035020002800076040002700104042000900131090001200140222002800152245010300180246004100283246002000324250001100344260007600355300003900431504002500470610003700495650002500532650002200557650001900579700001600598942001400614999001500628952023200643.b28222301YEEZEN20250711152527.0240619s2023 ch a e b 000 0cchi d a9789869221726q(平裝) aTWFJUbchieccrcTWFJU anbic a419.333 a驚蟄 :醫者的初心00a驚蟄 :醫者的初心b長庚醫院創始的足跡與淬鍊 : 醫者的初心 /c簡榮南主編30a長庚醫院創始的足跡與淬鍊30a醫者的初心 a初版 a桃園市 :b長庚醫療財團法人林口長庚紀念醫院,c2023.11 a271面 :b部分彩圖 ;c23公分 a參考書目: 面37.27a林口長庚紀念醫院2lcstt. 7a口述歷史2lcstt. 7a人物志2lcstt. 7a訪談2lcstt.1 a簡, 榮南 2cclcBOOK c7656d7656 00102ccl4070ayeezenbyeezencYEEZENd2025-07-11l1o419.333pC03245r2025-07-30 00:00:00s2025-07-22w2025-07-11yBOOKz驚蟄:長庚醫院創始的足跡與淬鍊:醫者的初心. 財團醫療法人財團林口長庚醫院